|
|
|
|
| LEADER |
01120nam a2200265 a 4500 |
| 001 |
3132265 |
| 008 |
090603s1972 nyua b 001 0 eng d |
| 010 |
|
|
|a 72002516
|
| 020 |
|
|
|a 0471048259
|
| 020 |
|
|
|a 0471048267
|
| 040 |
|
|
|a DLC
|c DLC
|d DLC
|
| 082 |
0 |
0 |
|a 639/.3
|2 18
|
| 100 |
1 |
|
|a Bardach, John E.
|
| 245 |
1 |
0 |
|a Aquaculture;
|b the farming and husbandry of freshwater and marine organisms
|c [by] John E. Bardach, John H. Ryther and William O. McLarney.
|
| 260 |
|
|
|a New York,
|b Wiley-Interscience
|c c1972
|
| 300 |
|
|
|a xii, 868 p.
|b illus.
|c 23 cm.
|
| 504 |
|
|
|a Includes bibliographies.
|
| 541 |
1 |
|
|e 00003398
|
| 650 |
|
0 |
|a Aquaculture.
|
| 700 |
1 |
|
|a Ryther, John H.,
|e joint author.
|
| 700 |
1 |
|
|a McLarney, William O.,
|e joint author.
|
| 852 |
4 |
|
|a Ayesha Abed Library
|j General Shelf.
|
| 999 |
|
|
|c 1496
|d 1496
|
| 952 |
|
|
|0 0
|1 0
|2 ddc
|4 0
|6 639_300000000000000_BAR
|7 0
|9 1374
|a BRACUL
|b BRACUL
|c GEN
|d 2009-06-28
|g 1410.00
|l 0
|o 639.3 BAR
|p 3010003398
|r 2009-06-28
|t 1
|w 2009-06-28
|y BK
|
| 952 |
|
|
|0 0
|1 0
|2 ddc
|4 0
|6 639_300000000000000_BAR_1972
|7 0
|9 17951
|a BRACUL
|b BRACUL
|c GEN
|d 2011-09-06
|l 0
|o 639.3 BAR
|p 3010007246
|r 2011-09-06
|t 2
|w 2011-09-06
|y BK
|